| 000 | 00761nam a22002537a 4500 | ||
|---|---|---|---|
| 001 | BR6007768 | ||
| 003 | BR-BrBNA | ||
| 005 | 20230928095139.0 | ||
| 007 | ta | ||
| 008 | 230509b bl.||||| |||| 00| 0 por d | ||
| 040 |
_aBR-BrBNA _bpor _cBiblioteca Nacional de Agricultura |
||
| 041 | _a(Por) | ||
| 072 | _aA01 | ||
| 090 | _ A01 BR6007768 | ||
| 110 | 1 |
_aServico Nacional de Recenseamento, Rio de Janeiro, GB (Brasil) _99386 |
|
| 245 | 1 | _aEstado de Minas Gerais. Sinopse preliminar do censo agricola. 7. Recenseamento geral do Brasil 1960 | |
| 260 | 3 |
_aRio de Janeiro, GB (Brasil): _c1963. |
|
| 300 | _a97 p. | ||
| 500 | _aNumerical data | ||
| 650 | _aCenso Agricola | ||
| 650 | _aMinas Gerais | ||
| 909 |
_a202309 _bLucia _c55 _dLucia Elande |
||
| 942 | _cBK | ||
| 999 |
_c54807 _d54807 |
||